Let it snow / Debbie Macomber.
Available copies
- 2 of 2 copies available at LARL/NWRL Consortium.
- 2 of 2 copies available at Lake Agassiz Regional Library. (Show preferred library)
Current holds
0 current holds with 2 total copies.
Show Only Available Copies
| Location | Call Number / Copy Notes | Barcode | Shelving Location | Status | Due Date |
|---|---|---|---|---|---|
| Barnesville Public Library | CD TALKING BOOK MAC (Text) | 33500014354039 | Main | Available | - |
| Breckenridge Public Library | CD TALKING BOOK MAC (Text) | 33500014354047 | Main | Available | - |
Record details
- ISBN: 9798894860442
- ISBN: 9798228952201
- Physical Description: 2 audio discs (2 1/4 hr.) : CD audio, digital ; 4 ... Read More
- Edition: Unabridged.
- Publisher: [Prince Frederick, Maryland] : Recorded Books, Inc., [2026]
Content descriptions
| General Note: | Compact discs. |
| Participant or Performer Note: | Narrated by Carly Robins. |
| Summary, etc.: | Shelly Griffin is looking forward to spending time ... Read More |
Search for related items by subject
| Genre: | Love stories. Audiobooks. Romance fiction. Christmas fiction. |
| LDR | 02681nim a22005897i 4500 | ||
|---|---|---|---|
| 001 | 483603 | ||
| 003 | LARL_NWRL_CONSORTIUM | ||
| 005 | 20260326191655.0 | ||
| 008 | 260320s2026 mdunnnne f n eng d | ||
| 007 | sd fsngnnmmned | ||
| 040 | . | ‡aBLACP ‡beng ‡erda ‡cBLACP ‡dOCLCO | |
| 020 | . | ‡a9798894860442 ‡q(sound recording ; ‡qBlackstone Library CD) | |
| 020 | . | ‡a9798228952201 ‡q(sound recording ; ‡qBlackstone Retail CD) | |
| 035 | . | ‡a(OCoLC)1581001650 | |
| 037 | . | ‡aZPzksy ‡bBlackstone Publishing | |
| 037 | . | ‡aZEzksy ‡bBlackstone Publishing | |
| 082 | 0 | 4. | ‡a813/.54 ‡223 |
| 100 | 1 | . | ‡aMacomber, Debbie, ‡eauthor. ‡1https://id.oclc.org/worldcat/entity/E39PBJj8WkJDgf47fXH3wjVQv3 ‡0(LARL_NWRL_CONSORTIUM)153727 |
| 245 | 1 | 0. | ‡aLet it snow / ‡cDebbie Macomber. |
| 250 | . | ‡aUnabridged. | |
| 264 | 1. | ‡a[Prince Frederick, Maryland] : ‡bRecorded Books, Inc., ‡c[2026] | |
| 300 | . | ‡a2 audio discs (2 1/4 hr.) : ‡bCD audio, digital ; ‡c4 3/4 in. | |
| 336 | . | ‡aspoken word ‡bspw ‡2rdacontent | |
| 337 | . | ‡aaudio ‡bs ‡2rdamedia | |
| 338 | . | ‡aaudio disc ‡bsd ‡2rdacarrier | |
| 344 | . | ‡adigital ‡2rdatr | |
| 344 | . | ‡boptical ‡2rdarm | |
| 347 | . | ‡aaudio file ‡2rdaft | |
| 347 | . | ‡bCD audio | |
| 500 | . | ‡aCompact discs. | |
| 511 | 0 | . | ‡aNarrated by Carly Robins. |
| 520 | . | ‡aShelly Griffin is looking forward to spending time with her beloved father in Seattle for the holidays. But unexpected complications arise when her plane from San Francisco is rerouted to Portland due to inclement weather. Shelly finds herself stuck sharing the last available rental car with one of her fellow passengers: handsome, uptight businessman Slade Garner. Shelly isn't immediately convinced she likes Slade, but the more time Shelly spends with him, the more she suspects that she may have received an unexpected gift this Christmas. | |
| 650 | 0. | ‡aAir travel ‡vFiction. ‡0(LARL_NWRL_CONSORTIUM)170436 | |
| 650 | 0. | ‡aBlizzards ‡vFiction. ‡0(LARL_NWRL_CONSORTIUM)168964 | |
| 650 | 0. | ‡aAutomobile travel ‡vFiction. ‡0(LARL_NWRL_CONSORTIUM)163609 | |
| 650 | 0. | ‡aMan-woman relationships ‡vFiction. ‡0(LARL_NWRL_CONSORTIUM)165985 | |
| 651 | 0. | ‡aPortland (Or.) ‡vFiction. ‡0(LARL_NWRL_CONSORTIUM)166579 | |
| 651 | 0. | ‡aSeattle (Wash.) ‡vFiction. ‡0(LARL_NWRL_CONSORTIUM)167255 | |
| 650 | 7. | ‡aFICTION / Romance / Contemporary. ‡2bisacsh | |
| 650 | 7. | ‡aFICTION / Sagas. ‡2bisacsh | |
| 650 | 7. | ‡aFICTION / Women. ‡2bisacsh | |
| 655 | 7. | ‡aLove stories. ‡2gsafd | |
| 655 | 7. | ‡aAudiobooks. ‡2lcgft ‡0(LARL_NWRL_CONSORTIUM)175801 | |
| 655 | 7. | ‡aRomance fiction. ‡2lcgft | |
| 655 | 7. | ‡aChristmas fiction. ‡2lcgft | |
| 700 | 1 | . | ‡aRobins, Carly, ‡enarrator. ‡1https://id.oclc.org/worldcat/entity/E39PCjtTPRYwV8CDycfqbdWgPP |
| 901 | . | ‡a483603 ‡bAUTOGEN ‡c483603 ‡tbiblio | |

Add to basket
Permalink
Enable Highlighting